Territorial Disputes (South America) - Statistics

General Stats
  • This quiz has been taken 38 times
  • The average score is 8 of 9
Answer Stats
Disputed Territories Countries % Correct
French Guiana west of the Marouini River France / Suriname
100%
Falkland Islands, South Georgia and the South Sandwich Islands United Kingdom / Argentina
100%
Southern Patagonian Ice Field between Monte Fitz Roy and Cerro Murallón Argentina / Chile
96%
Isla Brasilera/Ilha Brasileira Brazil / Uruguay
93%
Gulf of Venezuela and Los Monjes Archipelago Colombia / Venezuela
93%
Guayana Esequiba and Ankoko Island/Isla de Anacoco Guyana / Venezuela
93%
Isla Suárez/Ilha de Guajará-mirim Bolivia / Brazil
81%
Arroyo de la Invernada or Rincón de Artigas and Vila Albornoz Brazil / Uruguay
78%
Tigri Area east of the Upper Courantyne River Guyana / Suriname
74%
No matching quizzes found
Score Distribution
Percent of People with Each Score
Percentile by Number Answered
Your Score History
You have not taken this quiz